| 000 | 00833nam a22002175i 4500 | ||
|---|---|---|---|
| 001 | 164053 | ||
| 003 | ES-MaACL | ||
| 005 | 20250915063100.0 | ||
| 008 | 050825s1901 sp o | |||||||| ||cat d | ||
| 040 |
_aCAM _bspa _cCAM |
||
| 100 | 1 |
_aRovira y Serra, Manuel, _d1865-1929 _9132129 |
|
| 245 | 1 | 0 |
_aGent de vidre _b: drama original en tres actes y en prosa / _cRovira y Serra. |
| 260 |
_aBarcelona : _b[s.n.], _c1901 ( _fA. López Robert) |
||
| 300 |
_a196 p. : _bfot. ; _c20 cm. |
||
| 500 | _aEstrenada en el Teatro Romea de Barcelona la noche del 25 de enero de 1901. | ||
| 655 | 0 |
_aTeatro _9234794 |
|
| 700 | 1 |
_aLópez Robert, A., _eimp. _9129222 |
|
| 752 |
_aEspaña - _dBarcelona |
||
| 852 |
_aES-MaACL _jG-3518(10) _z-- Enc. hol., falto de la cub. original _z-- Enc. en un vol. facticio |
||
| 999 |
_c164053 _d164053 |
||